|
|
|
|
| LEADER |
00000nab a2200000 a 4500 |
| 001 |
vtls010184849 |
| 003 |
SK-MaSNL |
| 005 |
20260303093718.0 |
| 008 |
101102c201003 xo r p 000 00slo |
| 015 |
|
|
|a SNBRB2010/04SVKPO
|
| 038 |
|
|
|a SVKPOCL
|
| 040 |
|
|
|a SVKPOCL
|b slo
|c AACR2
|e AACR2
|
| 041 |
|
|
|a slo
|
| 044 |
|
|
|a xo
|c SK
|
| 080 |
|
|
|a 636.7:061.43
|2 2001
|
| 080 |
|
|
|a 061.43
|2 2001
|
| 100 |
1 |
|
|a Šusterová, Dominika,
|d 1993-
|4 aut
|9 1038316
|
| 245 |
1 |
0 |
|a Bol naozaj posledným rokom nespravodlivosti?
|b vyhodnotenie junior handlingu za rok 2009
|c Dominika Šusterová
|
| 300 |
|
|
|a Fotogr.
|
| 611 |
2 |
7 |
|a Junior Handling (vystavovateľská súťaž mladých kynológov)
|d (2010 :
|c Trenčín, Slovensko)
|2 snkbucl
|9 1105223
|
| 650 |
0 |
7 |
|a kynológia
|2 svkpocl
|9 24771
|
| 650 |
0 |
7 |
|a psy
|x výstavy
|2 svkpocl
|9 1031971
|
| 650 |
0 |
7 |
|a vyhodnotenie súťaže
|y za rok 2009
|2 svkpocl
|9 1105224
|
| 651 |
|
7 |
|a Trenčín (Slovensko)
|2 svkpocl
|9 159956
|
| 773 |
0 |
|
|t Kynologická revue
|g Roč. XXI, č. 3 (2010), s. 10
|x 1335-9282
|
| 852 |
|
|
|a SVKPO
|b KIS3GCP
|
| 856 |
4 |
1 |
|u www.dogsk.sk
|
| 958 |
|
|
|a NB
|
| 958 |
|
|
|a SK
|
| 999 |
|
|
|c 1816821
|d 1818751
|